000 00671nam a22001937a 4500
005 20140925105144.0
010 _aENG-110921
020 _a9788120350380
_c250.00
035 _aEN-94453
037 _bDBAD/PUB
082 _a628.922
100 _aDas, Akhil Kumar
245 _aPrinciples of fire safety engineering :
_cby Akhil Kumar Das
_bunderstanding fire and fire protection /
260 _aNew Delhi
_bPHI Learning
_c2014
270 _aRimjhim House, 111, Patparganj Industrial Estate
_bNew Delhi
_e110092
300 _axiv,194p. :
_c24cm(pbk)
_bill.
500 _aIncludes bibliographical references and index
942 _2ddc
_cEN
_mDAS
_h628.922
999 _c88920
_d88920